MARC

LEADER 00000nam0a2200000 4500
001 254498
005 20231101232936.0
020 |a RU  |b 89-58837 
035 |a (RuTPU)RU\TPU\book\276969 
090 |a 254498 
100 |a 20140321d1989 k a0rusy5003 ca 
101 0 |a rus 
102 |a RU 
105 |a y l 000zy 
200 1 |a Нормы проектирования сейсмостойких атомных станций  |e ПН АЭ Г-5-006-87  |f СССР, Государственный комитет по надзору за безопасным проведением работ в атомной энергетике (Госатомэнергонадзор СССР) 
210 |a Москва  |c Энергоатомиздат  |d 1989 
215 |a 22 с. 
225 1 |a Правила и нормы в атомной энергетике 
606 1 |a Атомные электрические станции  |x Сейсмостойкость  |2 stltpush  |3 (RuTPU)RU\TPU\subj\29744  |9 53012 
610 1 |a проектирование 
610 1 |a нормы 
610 1 |a строительные конструкции 
610 1 |a расчет 
610 1 |a технологическое оборудование 
610 1 |a электротехническое оборудование 
610 1 |a антисейсмические мероприятия 
675 |a 621.311.25:621.039.58  |z rus  |v 3 
712 0 1 |a СССР  |b Государственный комитет по надзору за безопасным проведением работ в атомной энергетике (Госатомэнергонадзор СССР)  |c (1983-1989)  |2 stltpush  |3 (RuTPU)RU\TPU\col\16590 
801 0 |a RU  |b RuMRKP  |c 19960704  |g psbo 
801 1 |a RU  |b 63413507  |c 20140321 
801 2 |a RU  |b 63413507  |c 20151216  |g RCR 
942 |c BK